000 00363nam a2200157Ia 4500
008 230917s9999||||xx |||||||||||||| ||und||
040 _e115082
_aMAIN
041 _aEnglish
082 _a621 S81E
100 _aSatya Prakash
245 0 _aEngineering Physics
250 _a6th Ed. ed.
260 _aMeerut
_bPragati
_c2008
300 _a240p p.
942 _cBK
999 _c141462
_d141462